00885nam a2200193 i 4500001000700000003000900007005001700016008004100033100005000074245012700124260003100251300002200282490008800304650003800392830009300430852002500523999001900548952012400567187936ES-MaACL20250822035252.0180327s1933 sp |||| | spa d1 aVallejo Nágera, Antonio,d1889-1960911285410aPsicología de la simulación social / cconferencia pronunciada por A. Vallejo Nágera el día 2 de febrero de 1933. aMadrid : b[s.n.], c1933. a23 p.. ; c23 cm.1 aConferencias dadas en el Centro de intercambio intelectual germano-español ; v3407aPsicología social2embne91657300aConferencias dadas en el Centro de Intercambio Intelectual Germano-Españolv349192904 aES-MaACLjC-8111(29) c187936d187936 00104070aATENEOMbATENEOMcSPALd2018-03-27eSCl0oC-8111(29)p1198588r2023-02-23 00:00:00w2023-02-23yMONOGRAFIA